| 000 | 00417cam a2200145 4500 | ||
|---|---|---|---|
| 008 | 111025n 000 0 eng u | ||
| 035 | _a(Sirsi) a174808 | ||
| 050 | _aUNICEF GN 484 FEM 2005 | ||
| 110 | 1 | _aUNICEF | |
| 245 |
_aFemale gental Mutilation/Cutting: _bStatistics exploration 2005 |
||
| 260 |
_aNewyork: _bUNICEF, _c2005 |
||
| 300 |
_a53p.: _bill. |
||
| 650 | _aGental Mutilation | ||
| 650 | _aGenital Cutting | ||
| 999 |
_c117059 _d117059 |
||